Publications : submitted for the Degree of Doctor of Science of the National University of Singapore /
Saved in:
| Main Author: | |
|---|---|
| Format: | Thesis Book |
| Language: | English |
| Published: |
1993.
|
| Subjects: | |
| Tags: |
Add Tag
No Tags, Be the first to tag this record!
|
| LEADER | 01037cam a2200253 a 4500 | ||
|---|---|---|---|
| 001 | u366240 | ||
| 003 | SIRSI | ||
| 008 | 950110s1993 si 00 1 eng m | ||
| 035 | |a ABU-8749 | ||
| 040 | |a UMM | ||
| 090 | |a QP251 |b Ari | ||
| 100 | 0 | 0 | |a Ariff Bongso. |
| 245 | 1 | 0 | |a Publications : |b submitted for the Degree of Doctor of Science of the National University of Singapore / |c by Ariff Bongso. |
| 260 | |c 1993. | ||
| 300 | |a 2 v. : |b ill. ; |c 30 cm. | ||
| 500 | |a Papes covered human and animal reproductive biology. | ||
| 502 | |a Thesis (D.Sc.) -- National University of Singapore, 1993. | ||
| 505 | |a v. 1. Refereed journals-international and local/regional. -- v. 2. Chapters in books, books and conference papers (published proceedings) | ||
| 504 | |a Includes bibliographical references. | ||
| 650 | 0 | |a Reproduction. | |
| 948 | |a 10/01/1995 |b 12/08/2002 | ||
| 596 | |a 1 | ||
| 999 | |a QP251 ARI V.1 |w LC |c 1 |i A504831516 |l STACKS |m P01UTAMA |r Y |s Y |t TESIS |u 15/3/1995 | ||
| 999 | |a QP251 ARI V.2 |w LC |c 1 |i A504831525 |l STACKS |m P01UTAMA |r Y |s Y |t TESIS |u 15/3/1995 | ||
